Statistics for Simpsons Fans Quiz

Click here to take the quiz!

General Stats

  • This quiz has been taken 72 times
  • The average score is 7 of 8

Answer Stats

QuestionAnswer% Correct
Where does Homer Simpson work?Neuclear Power Plant
100%
Where does The Simpsons live?Springfield
98%
Who is Bart's friend?Milhouse
96%
Who is Homer Simpson's BossMr. Burns
96%
Who is Marge's sisters?Patty and Selma
96%
Who is Ned Flanders WifeMaude Flanders
94%
Who Is Bart Simpson's teacherMs. Krabappel
92%
What is the church called that the Simpson's attend?First Church Of Springfield
67%

Score Distribution

Percentile by Number Answered

Percent of People with Each Score

Your Score History

You have not taken this quiz